| 000 | 00000nam##2200000za#4500 |
| 001 | 9.700164 |
| 003 | CaOODSP |
| 005 | 20210625000718 |
| 007 | cr ||||||||||| |
| 008 | 150407|2014||||xxc|||||o f|0| 0 eng|d |
| 020 | |a978-1-100-25453-1 |
| 040 | |aCaOODSP|beng |
| 043 | |an-cn--- |
| 086 | 1 |aH82-18/2014E-PDF |
| 110 | 1 |aCanada. |bPatented Medicine Prices Review Board. |
| 245 | 10|aGeneric drugs in Canada, 2013 |h[electronic resource] |
| 246 | 3 |aNational Prescription Drug Utilization Information System - NPDUIS |
| 260 | |aOttawa - Ontario : |bPatented Medicine Prices Review Board |cDecember 2014. |
| 300 | |a40p.|bcoloured figs., tables |
| 590 | |a15-11|b2015-03-13 |
| 690 | 07|aPrescription drugs|2gcpds |
| 775 | 08|tMédicaments génériques au Canada, 2013 |w(CaOODSP)9.644067 |
| 856 | 40|ahttp://publications.gc.ca|qPDF|s646 KB|uhttps://publications.gc.ca/collections/collection_2015/cepmb-pmprb/H82-18-2014-eng.pdf |